00628nab a2200193 uc450000100070000000500170000700800410002403500110006503500210007604000130009704100080011010000530011824500810017165000200025265000230027265000180029565000290031377300920034250780820240201131641.0990821e19970501 spa  a507808 a(OCoLC)819805050 ccomduadb aspa10aBustamante Zamudio, Guillermo,d 1958-4auteaut14aLas nuevas cartillas de escuela : nueva para el area de lenguaje en Colombia aLibros de texto 7aEducación2embne aEscuela Nueva 7aLengua española2embne0 tLa Casa Grande (México)gVol. 02, No. 04-05, May.-Sep. 1997, p. 57-58w3134920107685